Radar systems, peak detection and tracking / (Record no. 67298)

000 -LEADER
fixed length control field 01019cam a22002777a 4500
001 - CONTROL NUMBER
control field 14071932
003 - CONTROL NUMBER IDENTIFIER
control field NUST - PNEC
005 - DATE AND TIME OF LATEST TRANSACTION
control field 20170116181017.0
008 - FIXED-LENGTH DATA ELEMENTS--GENERAL INFORMATION
fixed length control field 050811s2002 enka b 001 0 eng
010 ## - LIBRARY OF CONGRESS CONTROL NUMBER
LC control number 2005299470
015 ## - NATIONAL BIBLIOGRAPHY NUMBER
National bibliography number GBA2-U5329
020 ## - INTERNATIONAL STANDARD BOOK NUMBER
International Standard Book Number 0750657731 (pbk.)
040 ## - CATALOGING SOURCE
Transcribing agency LIBRARY
082 04 - DEWEY DECIMAL CLASSIFICATION NUMBER
Classification number 621.3848 KOL
100 1# - MAIN ENTRY--PERSONAL NAME
Personal name Kolawole, Michael O.
245 10 - TITLE STATEMENT
Title Radar systems, peak detection and tracking /
Statement of responsibility, etc. Michael O. Kolawole.
260 ## - PUBLICATION, DISTRIBUTION, ETC.
Place of publication, distribution, etc. Oxford ;
-- Boston :
Name of publisher, distributor, etc. Newnes,
Date of publication, distribution, etc. 2002.
300 ## - PHYSICAL DESCRIPTION
Extent xxv, 363 p. :
Other physical details ill. ;
Dimensions 24 cm.
504 ## - BIBLIOGRAPHY, ETC. NOTE
Bibliography, etc. note Includes bibliographical references (p. [348]-354) and index.
650 #0 - SUBJECT ADDED ENTRY--TOPICAL TERM
Topical term or geographic name entry element Radar.
General subdivision EL
856 42 - ELECTRONIC LOCATION AND ACCESS
Materials specified Publisher description
Uniform Resource Identifier <a href="http://www.loc.gov/catdir/enhancements/fy0627/2005299470-d.html">http://www.loc.gov/catdir/enhancements/fy0627/2005299470-d.html</a>
856 41 - ELECTRONIC LOCATION AND ACCESS
Materials specified Table of contents only
Uniform Resource Identifier <a href="http://www.loc.gov/catdir/enhancements/fy0627/2005299470-t.html">http://www.loc.gov/catdir/enhancements/fy0627/2005299470-t.html</a>
906 ## - LOCAL DATA ELEMENT F, LDF (RLIN)
a 7
b cbc
c copycat
d 2
e ncip
f 20
g y-gencatlg
942 ## - ADDED ENTRY ELEMENTS (KOHA)
Source of classification or shelving scheme
Koha item type Book
Holdings
Withdrawn status Lost status Source of classification or shelving scheme Damaged status Not for loan Permanent Location Current Location Shelving location Date acquired Total Checkouts Full call number Barcode Date last seen Price effective from Koha item type
          Pakistan Navy Engineering College (PNEC) Pakistan Navy Engineering College (PNEC)       621.3848 KOL PNECLIB-028166 09/14/2015   Book
© 2023 Central Library, National University of Sciences and Technology. All Rights Reserved.